Dzieła sztuki renesansowej - Statystyki

Ogólne statystyki
  • Ten quiz został rozwiązany 69 razy
  • Średni wynik to 10 z 39
Statystyki odpowiedzi
Obrazkowy Odpowiedź % Poprawnych
Leonardo da Vinci - Dama z gronostajem
67%
Michał Anioł – Dawid
67%
Leonardo da Vinci - Ostatnia wieczerza
62%
Michał Anioł – Pieta
62%
Michał Anioł - Stworzenie Adama
56%
Sandro Botticelli - Narodziny Wenus
51%
Michał Anioł - Sąd ostateczny
46%
Leonardo da Vinci - Mona Liza
41%
Rafael Santi - Szkoła ateńska
41%
Leonardo da Vinci - Człowiek Wirtuwiański
36%
Michał Anioł – Mojżesz
31%
Pieter Breugel - Wieża Babel
26%
Rafael Santi - Madonna Sykstyńska
26%
Donatello – Dawid
23%
Sandro Botticelli - Primavera
23%
Tycjan - Wenus z Urbino
23%
Jan van Eyck - Małżeństwo Arnolfini
21%
Leonardo da Vinci - Zwiastowanie
21%
Albrecht Durer - Jeźdźcy apokalipsy
18%
Hans Holbein – Ambasadorowie
18%
Hieronim Bosch - Leczenie głupoty
18%
Hieronim Bosch - Ogród rozkoszy ziemskich
18%
Rafael Santi - Trzy gracje
18%
Tycjan - Wenus i Adonis
18%
Albrecht Durer - Czterej apostołowie
15%
Albrecht Durer - Melancholia
15%
Rafael Santi - Zaślubiny Marii
15%
Hieronim Bosch - Wóz z sianem
13%
Leonardo da Vinci - Św. Anna Samotrzecia
13%
Michał Anioł - Kopuła bazyliki św. Piotra w Rzymie
13%
Pieter Breugel - Chłopskie wesele
13%
Piero della Francesca - Sen św. Hieronima
10%
Pieter Breugel - Kraina szczęśliwości
10%
Pieter Breugel – Ślepcy
10%
Pieter Breugel - Walka karnawału z postem
10%
Pieter Breugel - Zabawy dziecięce
10%
Filippo Brunelleschi - Kopuła florencka Santa Maria del Fiore
8%
Pieter Breugel - Pejzaż z upadkiem Ikara
5%
Pieter Breugel - Przysłowia flamandzkie
5%
Nie znaleziono quizów pasujących do podanych kryteriów
Rozkład punktacji
Procent ludzi z każdym wynikiem
Percentyl według liczby udzielonych odpowiedzi
Twoja historia wyników
Nie rozwiązałeś tego quizu